Algebraic number fields /

Guardado en:
Autor Principal: Janusz, Gerald J.
Formato: Libro
Idioma:English
Publicado: New York : Academic Press, 1973.
Series:Pure and applied mathematics ; v. 55
Etiquetas: Agregar Etiqueta
Sin Etiquetas, Sea el primero en etiquetar este registro!
LEADER 00582nam a22001815a 4500
001 MAT.inmabb000047
008 031210s1973####riu######b####001#0#eng#d
005 20130308124130.0
245 1 0 |a Algebraic number fields /  |c Gerald J. Janusz. 
260 |a New York :  |b Academic Press,  |c 1973. 
300 |a x, 220 p. ;  |c 24 cm. 
440 0 |a Pure and applied mathematics ;  |v v. 55 
504 |a Incluye referencias bibliográficas (p. 273) e índice. 
510 4 |a MR,  |c 51 #3110 
020 |a 0123802504 
100 1 |a Janusz, Gerald J. 
084 |a 11Rxx  |2 msc2000 
859 |h 11  |i J35  |p A-4519  |b BIB. MATEMATICA